000 00323nam a22001217a 4500
999 _c9576
_d9576
003 OSt
008 201203b ||||| |||| 00| 0 eng d
245 _aBulletin of Materials Science
250 _a2017(Oct Vol.40 No.6, Dec Vol.40 No.7)
260 _aBengaluru
_bSpringer
650 _aMechanical Engineering
942 _2ddc
_cBV